| 000 | 00857nam a22002057a 4500 | ||
|---|---|---|---|
| 001 | EIF-IV-1999-M1-010 | ||
| 003 | OSt | ||
| 005 | 20221107121132.0 | ||
| 008 | 221107b |||||||| |||| 00| 0 eng d | ||
| 040 |
_aFundación Jesús Pereda _cFundación Jesús Pereda |
||
| 041 | _aCatalán | ||
| 100 |
_uUniversitat Autónoma de Barcelona _aMéndez i Abadia, Montserrat _9289 |
||
| 111 |
_aEncuentro de Investigadores del Franquismo _c(Valencia. _d1999. _n4º) _996 |
||
| 245 |
_aLa repressió a la Unió Santcugatenca. _bDeu anys molt durs, _f1939-1949 _c/Montserrat Méndez i Abadia |
||
| 650 | 0 |
_9145 _aRepresión |
|
| 650 | 0 |
_9109 _aGuerra civil |
|
| 773 |
_tActas del IV Encuentro de Investigadores del Franquismo _g061-067 p. |
||
| 856 | _uhttps://bibliotecaccoocyl.fundacionjesuspereda.es/cgi-bin/koha/opac-retrieve-file.pl?id=3c4a164d13010a47551d69fd0143af8a | ||
| 942 |
_2ddc _cCF _n0 |
||
| 999 |
_c122 _d122 |
||